Zwycięzcy World Grand Prix/Ligi Narodów kobiet - Statystyki

Ogólne statystyki
  • Ten quiz został rozwiązany 15 razy
  • Średni wynik to 26 z 30
Statystyki odpowiedzi
Rok Reprezentacja % Poprawnych
2008 Brazylia
93%
2009 Brazylia
93%
2013 Brazylia
93%
2014 Brazylia
93%
2016 Brazylia
93%
2017 Brazylia
93%
2010 USA
93%
2011 USA
93%
2012 USA
93%
2015 USA
93%
2018 USA
93%
2019 USA
93%
2021 USA
93%
2022 Włochy
93%
1994 Brazylia
87%
1996 Brazylia
87%
1998 Brazylia
87%
2004 Brazylia
87%
2005 Brazylia
87%
2006 Brazylia
87%
2023 Turcja
87%
1995 USA
87%
2001 USA
87%
2003 Chiny
80%
1997 Rosja
80%
1999 Rosja
80%
2002 Rosja
80%
2007 Holandia
73%
1993 Kuba
53%
2000 Kuba
53%
Nie znaleziono quizów pasujących do podanych kryteriów
Rozkład punktacji
Procent ludzi z każdym wynikiem
Percentyl według liczby udzielonych odpowiedzi
Twoja historia wyników
Nie rozwiązałeś tego quizu